000 00758cam a22002653a 4500
001 16852
003 PGUSA
005 20140828083347.0
008 051010s2005||||xxu|||||s|||||000 1 eng d
040 _aPGUSA
_beng
042 _adc
050 4 _aPQ
100 1 _aZola, Émile,
_d1840-1902
245 1 0 _aAu bonheur des dames
_h[electronic resource] /
_cÉmile Zola
260 _bProject Gutenberg,
_c2005
506 _aPublic domain in the USA.
516 _aElectronic text
653 _aParis (France) -- Fiction
653 _aWomen sales personnel -- Fiction
653 _aSeduction -- Fiction
653 _aDepartment stores -- Fiction
830 0 _aProject Gutenberg
_v16852
856 4 0 _uhttp://www.gutenberg.org/ebooks/16852
942 _cEB
999 _c246107
_d246107